| 000 | 00829cam a2200181 4500 | ||
|---|---|---|---|
| 001 | ABS61218 | ||
| 008 | 000000n1999 000 0 eng u | ||
| 035 | _a(Sirsi) u101816 | ||
| 245 | _aMaking EMAS popular. | ||
| 260 | _c1999 | ||
| 490 |
_aEnvironment Information Bulletin _v(92) September 1999, 13-15(3) |
||
| 520 | _aGives an overview of the EU Eco-Management and Audit Scheme (EMAS) five years after its introduction. Revisions have been agreed to try and improve take up of the scheme. These widen the scope, make the reporting requirements more flexible and give it a closer relationship to ISO 14001. Summarises the changes and compares the two standards. | ||
| 650 | _aEMAS | ||
| 650 | _aENVIRONMENTAL STANDARDS | ||
| 650 | _aENVIRONMENTAL MANAGEMENT | ||
| 690 | _aENVIRONMENTAL AND LAND CONSULTANCY | ||
| 942 | _n0 | ||
| 999 |
_c60929 _d60929 |
||